Detalles MARC
| 000 -LÍDER |
| Campo fijo de descripción fija |
01231aam a2200337 i 4500 |
| 001 - NÚMERO DE CONTROL |
| Campo de control |
768714001 |
| 003 - IDENTIFICADOR DEL NÚMERO DE CONTROL |
| Campo de control |
CO-MdFUSB |
| 005 - FECHA Y HORA DE LA ULTIMA TRANSACCIÓN |
| control field |
20260223212959.0 |
| 008 - ELEMENTOS DE LONGITUD FIJA -- INFORMACIÓN GENERAL |
| Campo fijo de descripción fija -- Información general |
180627b sp||||| |||| 00| 0 spa d |
| 020 ## - NÚMERO INTERNACIONAL NORMALIZADO PARA LIBROS |
| Número Internacional Normalizado del libro |
848267207X |
| 040 ## - FUENTE DE CATALOGACIÓN |
| Agencia de catalogación original |
CO-MdFUSB |
| Idioma de catalogación |
spa |
| Agencia que realiza la transcripción |
CO-MdFUSB |
| Agencia que realiza la modificación |
CO-MdFUSBC |
| Convenciones de la descripción |
rda |
| 041 0# - CÓDIGO DE IDIOMA |
| Código de idioma para texto/pista de sonido o título separado |
spa |
| Código de idioma original |
eng |
| 082 04 - NÚMERO DE CLASIFICACIÓN DECIMAL DEWEY |
| Número de clasificación |
270.092 |
| Número de la edición del Dewey |
22 |
| Clave de autor-Numero de item |
R748 |
| 100 1# - ASIENTO PRINCIPAL--NOMBRE PERSONAL |
| Nombre personal |
Agustín de Hipona, San (354-430) |
| Término relacionador |
autor |
| 245 03 - TÍTULO |
| Título del Material |
Lo mejor de Agustín de Hipona |
| Mención de responsabilidad, etc. |
/ Agustín de Hipona ; compilado y traducido por Alfonso Ropero |
| 264 #1 - PRODUCCIÓN, PUBLICACIÓN, DISTRIBUCIÓN, MANUFACTURA, Y COPYRIGHT |
| Lugar de producción, publicación, distribución, manufactura |
Terrassa, Barcelona, España : |
| Nombre del productor, publicador, distribuidor |
Clie, |
| Fecha de producción, publicación, distribución, manufactura, o copyright |
[2001] |
| 264 #4 - PRODUCCIÓN, PUBLICACIÓN, DISTRIBUCIÓN, MANUFACTURA, Y COPYRIGHT |
| Fecha de producción, publicación, distribución, manufactura, o copyright |
©2001 |
| 300 ## - DESCRIPCIÓN FÍSICA |
| Extensión |
Vol. 21, tomo 1 |
| Dimensiones |
; 24 cm |
| 336 ## - TIPO DE CONTENIDO |
| Término de tipo de contenido |
texto |
| Código de tipo de contenido |
txt |
| Fuente |
rdacontent |
| 337 ## - TIPO DE MEDIO |
| Fuente |
rdamedia |
| Nombre del tipo de medio |
sin mediación |
| Código del tipo de medio |
n |
| 338 ## - TIPO DE SOPORTE |
| Fuente |
rdacarrier |
| Nombre del tipo de soporte |
volumen |
| Código Tipo de soporte |
nc |
| 505 ## - NOTA DE CONTENIDO |
| Información miscelánea |
Tomo I : |
| Título |
La verdadera religión --La utilidad de creer -- Tratado de la fe, la esperanza , la caridad. |
| 505 00 - NOTA DE CONTENIDO |
| Información miscelánea |
Tomo II : |
| Título |
Confesiones |
| 563 ## - NOTA DE ENCUADERNACIÓN |
| Nota de encuadernación |
Pasta dura |
| 600 07 - ASIENTO SECUNDARIO DE MATERIA - NOMBRE PERSONAL |
| Nombre personal |
Agustín |
| Títulos y otros términos asociados al nombre |
Santo, |
| -- |
Obispo de Hipona |
| Fechas asociadas con el nombre |
c.a. 354 d.C. - 430 d.C. |
| Subdivisión de forma |
libros. |
| 650 #7 - ASIENTO SECUNDARIO DE MATERIA - TERMINO TEMÁTICO |
| 9 (RLIN) |
59 |
| Término temático o nombre geográfico como elemento de entrada |
Padres de la Iglesia |
| 650 #7 - ASIENTO SECUNDARIO DE MATERIA - TERMINO TEMÁTICO |
| Término temático o nombre geográfico como elemento de entrada |
Iglesia |
| Subdivisión general |
Historia |
| Subdivisión cronológica |
(Iglesia primitiva), ca. 0030-0600 |
| 9 (RLIN) |
659 |
| 700 1# - ASIENTO SECUNDARIO - NOMBRE PERSONAL |
| 9 (RLIN) |
1287 |
| Nombre personal |
Ropero, Alfonso |
| Responsabilidad |
compilador |
| 942 ## - TIPO DE MATERIAL (KOHA) |
| Tipo de Item KOHA |
Libros de Referencia |
| 945 ## - INFORMACIÓN LOCAL DEL REGISTRO |
| Catalogador |
JTF-925 |